|
|
|
|
| LEADER |
00000nam0a2200000 4500 |
| 001 |
151584 |
| 005 |
20231031150753.0 |
| 035 |
|
|
|a (RuTPU)RU\TPU\book\164351
|
| 090 |
|
|
|a 151584
|
| 100 |
|
|
|a 20090124d1937 k y0rusy50 ca
|
| 101 |
0 |
|
|a rus
|
| 102 |
|
|
|a RU
|
| 105 |
|
|
|a a z 000zy
|
| 200 |
1 |
|
|a Глазури, эмали, керамические краски и массы
|h Ч. 1
|f Е. И. Орлов
|
| 205 |
|
|
|a 3-е изд., испр. и доп.
|
| 210 |
|
|
|a Москва
|d 1937
|a Ленинград
|
| 215 |
|
|
|a 168 с.
|c ил.
|
| 610 |
1 |
|
|a глазури
|
| 610 |
1 |
|
|a эмали
|
| 610 |
1 |
|
|a керамические краски
|
| 610 |
1 |
|
|a массы
|
| 610 |
1 |
|
|a материалы
|
| 610 |
1 |
|
|a использование
|
| 610 |
1 |
|
|a свойства
|
| 675 |
|
|
|a 666.293
|v 3
|
| 700 |
|
1 |
|a Орлов
|b Е. И.
|
| 801 |
|
1 |
|a RU
|b 63413507
|c 20090124
|g PSBO
|
| 801 |
|
2 |
|a RU
|b 63413507
|c 20100218
|g RCR
|
| 942 |
|
|
|c BK
|